[Event "Foment Martinenc op-A 23rd"]
[Site "Barcelona"]
[Date "2023.04.22"]
[Round "1"]
[White "Repiso Alvarez, Jorge"]
[Black "Nunez Lucero, Francisco Alex"]
[Result "1/2-1/2"]
[WhiteElo "1775"]
[BlackElo "2036"]
[PlyCount "29"]
[EventDate "2023.04.22"]
[EventType "swiss"]
[EventRounds "9"]
[EventCountry "ESP"]
[SourceTitle "EXT 2024"]
[Source "ChessBase"]
[SourceDate "2023.10.10"]
[SourceVersion "1"]
[SourceVersionDate "2023.10.10"]
[SourceQuality "1"]

1. d4 e6 2. c4 f5 3. g3 Nf6 4. Bg2 Bb4+ 5. Bd2 a5 6. Nh3 0-0 7. 0-0 Nc6 8. Bf4 Be7 9. d5 Nb4 10. a3 Na6 11. d6 cxd6 12. Bxd6 Ne4 13. Bxe7 Qxe7 14. Nd2 Nac5 15. Nxe4 1/2-1/2

[Event "Barcelona Sant Marti op 10th"]
[Site "Barcelona"]
[Date "2023.02.09"]
[Round "5"]
[White "Infiesta Aguila, Agusti"]
[Black "Repiso Alvarez, Jorge"]
[Result "1/2-1/2"]
[WhiteElo "1667"]
[BlackElo "1820"]
[PlyCount "77"]
[EventDate "2023.01.12"]
[EventType "swiss"]
[EventRounds "9"]
[EventCountry "ESP"]
[SourceTitle "CBM 213 Extra"]
[Source "ChessBase"]
[SourceDate "2023.05.31"]
[SourceVersion "1"]
[SourceVersionDate "2023.05.31"]
[SourceQuality "1"]

1. d4 Nf6 2. c4 g6 3. Nc3 d5 4. Nf3 Bg7 5. Qb3 dxc4 6. Qxc4 0-0 7. e4 Nbd7 8. Be2 Nb6 9. Qd3 Bg4 10. 0-0 Qd7 11. Be3 Rfd8 12. Rfd1 Bxf3 13. Bxf3 c5 14. Qe2 Na4 15. dxc5 Nxc3 16. bxc3 Qa4 17. e5 Ne8 18. Bd4 Rab8 19. Rab1 Nc7 20. Bxb7 Ne6 21. c6 Nc7 22. g3 Rd5 23. Re1 e6 24. Qd1 Qa5 25. Qe2 Rbd8 26. f4 Bf8 27. Qc4 Be7 28. a4 h5 29. Re2 Bc5 30. Bxc5 Rxc5 31. Qb4 Rd3 32. Qxa5 Rxa5 33. Ree1 Rxc3 34. Rbc1 Rxc1 35. Rxc1 Rxa4 36. Rd1 Rc4 37. Rd8+ Kg7 38. Rd7 Nd5 39. Rd8 1/2-1/2

[Event "Barcelona Sant Marti op 10th"]
[Site "Barcelona"]
[Date "2023.01.12"]
[Round "1"]
[White "Vivas Carrero, Roman Gerardo"]
[Black "Repiso Alvarez, Jorge"]
[Result "0-1"]
[WhiteElo "1440"]
[BlackElo "1820"]
[PlyCount "70"]
[EventDate "2023.01.12"]
[EventType "swiss"]
[EventRounds "9"]
[EventCountry "ESP"]
[SourceTitle "CBM 213 Extra"]
[Source "ChessBase"]
[SourceDate "2023.05.31"]
[SourceVersion "1"]
[SourceVersionDate "2023.05.31"]
[SourceQuality "1"]

1. e4 c6 2. d4 d5 3. Nc3 dxe4 4. Nxe4 Bf5 5. Ng3 Bg6 6. h4 h6 7. h5 Bh7 8. Nf3 Nd7 9. Bd3 Bxd3 10. Qxd3 e6 11. Bf4 Qa5+ 12. Bd2 Bb4 13. c3 Be7 14. Bf4 Ngf6 15. Ne5 Nd5 16. Bd2 Nxe5 17. dxe5 Qc7 18. Qe2 0-0-0 19. 0-0-0 Rd7 20. f4 Rhd8 21. Ne4 f5 22. Nf2 Bc5 23. Rh3 Nxf4 24. Bxf4 Bxf2 25. Rxd7 Qxd7 26. b3 Bc5 27. Kc2 b5 28. Rg3 Bf8 29. Rg6 Qd5 30. Bh2 a5 31. Bg1 a4 32. c4 axb3+ 33. axb3 bxc4 34. bxc4 Qa5 35. Qf3 Qa4+ 0-1

[Event "Barcelona Sant Marti op 9th"]
[Site "Barcelona"]
[Date "2020.02.27"]
[Round "7"]
[White "Repiso Alvarez, Jorge"]
[Black "Anguera Maestro, Jaime"]
[Result "0-1"]
[WhiteElo "1872"]
[BlackElo "2026"]
[PlyCount "66"]
[EventDate "2020.01.16"]
[EventType "swiss"]
[EventRounds "9"]
[EventCountry "ESP"]
[SourceTitle "CBM 195 Extra"]
[Source "ChessBase"]
[SourceDate "2020.05.31"]
[SourceVersion "1"]
[SourceVersionDate "2020.05.31"]
[SourceQuality "1"]

1. d4 d5 2. c4 c6 3. Nc3 Nf6 4. Nf3 e6 5. e3 Ne4 6. Bd3 f5 7. 0-0 Bd6 8. Ne2 0-0 9. b3 Nd7 10. Bb2 Qf6 11. Qc2 g5 12. Rac1 g4 13. Ne5 Nxe5 14. dxe5 Bxe5 15. Bxe5 Qxe5 16. f3 Nf6 17. Qd2 Bd7 18. cxd5 cxd5 19. Nd4 Rac8 20. Rce1 a6 21. Qb4 Qc7 22. Rc1 Qe5 23. Rce1 b5 24. f4 Qb8 25. Rc1 Kf7 26. Qa5 Qb7 27. Nc2 Rc7 28. Nb4 Rxc1 29. Rxc1 Rc8 30. Rxc8 Qxc8 31. Nxa6 Qc1+ 32. Kf2 d4 33. Qe1 g3+ 0-1

[Event "Barcelona Sant Marti op 9th"]
[Site "Barcelona"]
[Date "2020.02.06"]
[Round "4"]
[White "Repiso Alvarez, Jorge"]
[Black "Perez Pastora, Evaristo"]
[Result "1/2-1/2"]
[WhiteElo "1872"]
[BlackElo "2102"]
[PlyCount "29"]
[EventDate "2020.01.16"]
[EventType "swiss"]
[EventRounds "9"]
[EventCountry "ESP"]
[SourceTitle "CBM 195 Extra"]
[Source "ChessBase"]
[SourceDate "2020.05.31"]
[SourceVersion "1"]
[SourceVersionDate "2020.05.31"]
[SourceQuality "1"]

1. d4 d5 2. c4 e6 3. Nc3 a6 4. cxd5 exd5 5. g3 Be6 6. Bg2 Nc6 7. Nh3 Be7 8. Nf4 Nf6 9. Nxe6 fxe6 10. 0-0 Qd7 11. a3 0-0 12. Bf4 Bd6 13. Bxd6 Qxd6 14. b4 b5 15. Rc1 1/2-1/2

[Event "Barcelona La Lira op 12th"]
[Site "Barcelona"]
[Date "2019.04.25"]
[Round "3"]
[White "Repiso Alvarez, Jorge"]
[Black "Romero Funieles, Rafael de Jesus"]
[Result "1-0"]
[WhiteElo "1871"]
[BlackElo "1624"]
[PlyCount "49"]
[EventDate "2019.04.04"]
[EventType "swiss"]
[EventRounds "9"]
[EventCountry "ESP"]
[SourceTitle "CBM 190 Extra"]
[Source "ChessBase"]
[SourceDate "2019.07.15"]
[SourceVersion "1"]
[SourceVersionDate "2019.07.15"]
[SourceQuality "1"]

1. d4 e6 2. c4 Be7 3. e4 c6 4. Nf3 h6 5. Bd3 Bb4+ 6. Nc3 d5 7. e5 dxc4 8. Bxc4 Ne7 9. 0-0 Bxc3 10. bxc3 Nd5 11. Bd2 b5 12. Bd3 Nd7 13. a4 bxa4 14. Qxa4 Ne7 15. c4 0-0 16. Ba5 Nb6 17. Qb3 Rb8 18. c5 Nd7 19. Qxb8 Nxb8 20. Bxd8 Rxd8 21. Rxa7 Nd5 22. Rb1 Nf4 23. Rxb8 Nxd3 24. Raa8 Nxc5 25. Rxc8 1-0

[Event "Barcelona Sant Marti op-A 19th"]
[Site "Barcelona"]
[Date "2017.07.13"]
[Round "1"]
[White "Repiso Alvarez, Jorge"]
[Black "Glimbrant, Torbjorn"]
[Result "0-1"]
[WhiteElo "1954"]
[BlackElo "2238"]
[PlyCount "110"]
[EventDate "2017.07.13"]
[EventType "swiss"]
[EventRounds "9"]
[EventCountry "ESP"]
[SourceTitle "EXT 2018"]
[Source "ChessBase"]
[SourceDate "2017.10.13"]
[SourceVersion "1"]
[SourceVersionDate "2017.10.13"]
[SourceQuality "1"]

1. d4 e6 2. c4 Nf6 3. Nc3 Bb4 4. e3 0-0 5. Bd3 c5 6. Nge2 d5 7. a3 Bxc3+ 8. Nxc3 cxd4 9. exd4 dxc4 10. Bxc4 Nc6 11. Be3 b6 12. 0-0 Bb7 13. Qd3 Rc8 14. Rfd1 Ne7 15. Ba6 Qd7 16. Bxb7 Qxb7 17. Rac1 Ned5 18. Ne4 Nxe4 19. Qxe4 Rxc1 20. Rxc1 Rc8 21. Qb1 h6 22. Rxc8+ Qxc8 23. Qc1 Qxc1+ 24. Bxc1 Kf8 25. Kf1 Ke7 26. Ke2 Kd6 27. Kd3 Kc6 28. b3 b5 29. Bd2 Nf6 30. f3 Kd5 31. Bb4 h5 32. Bf8 g6 33. Be7 Nd7 34. Bd8 Nb8 35. Bf6 Nc6 36. Bg7 Na5 37. Kc3 Nc6 38. Kd3 a6 39. Bf6 a5 40. Bg7 Ne7 41. Be5 Nc6 42. Bg7 Ne7 43. Be5 Kc6 44. Bg7 Nd5 45. Ke4 a4 46. bxa4 bxa4 47. g4 Kd7 48. Bf8 f6 49. h3 Kc6 50. Bc5 h4 51. g5 fxg5 52. Ke5 Kd7 53. Bf8 Nf4 54. Bh6 Nxh3 55. Kf6 Nf4 0-1

[Event "Barcelona Vila Gracia op 10th"]
[Site "Barcelona"]
[Date "2016.11.25"]
[Round "9.10"]
[White "Colom Andres, Xavier"]
[Black "Repiso Alvarez, Jorge"]
[Result "1/2-1/2"]
[WhiteElo "1844"]
[BlackElo "2008"]
[PlyCount "63"]
[EventDate "2016.09.30"]
[EventType "swiss"]
[EventRounds "9"]
[EventCountry "ESP"]
[SourceTitle "EXT 2024"]
[Source "ChessBase"]
[SourceDate "2023.10.10"]
[SourceVersion "1"]
[SourceVersionDate "2023.10.10"]
[SourceQuality "1"]

1. d4 Nf6 2. Bg5 Ne4 3. Bh4 d5 4. e3 g6 5. c4 c6 6. Nf3 Qa5+ 7. Nfd2 Bg7 8. Qc2 Bf5 9. Bd3 Na6 10. Bxe4 Bxe4 11. Qc3 Qxc3 12. Nxc3 Bxg2 13. Rg1 Bh3 14. a3 Nc7 15. Bg3 0-0-0 16. Rc1 e6 17. Nf3 f6 18. c5 Rhe8 19. b4 e5 20. dxe5 fxe5 21. Ng5 Be6 22. Nxh7 Bf5 23. Ng5 d4 24. Nce4 dxe3 25. Nd6+ Rxd6 26. cxd6 exf2+ 27. Kxf2 Nb5 28. Rgd1 Nd4 29. b5 Nxb5 30. Ne4 Nd4 31. Nc5 Rd8 32. Kg2 1/2-1/2

[Event "Torredembarra op 11th"]
[Site "Torredembarra"]
[Date "2009.07.05"]
[Round "2"]
[White "Gonzalez Rodriguez, Jorge Armando"]
[Black "Repiso Alvarez, Jorge"]
[Result "1-0"]
[WhiteElo "2429"]
[BlackElo "2057"]
[PlyCount "71"]
[EventDate "2009.07.04"]
[EventType "swiss"]
[EventRounds "9"]
[EventCountry "ESP"]
[SourceTitle "CBM 131 Extra"]
[Source "ChessBase"]
[SourceDate "2009.09.03"]
[SourceVersion "2"]
[SourceVersionDate "2009.09.16"]
[SourceQuality "1"]

1. c4 Nf6 2. Nc3 d5 3. cxd5 Nxd5 4. g3 Nxc3 5. bxc3 g6 6. Bg2 Bg7 7. Nf3 Nc6 8. 0-0 0-0 9. Qc2 Bg4 10. h3 Be6 11. Rb1 Bc4 12. d3 Ba6 13. c4 e5 14. Rd1 Re8 15. e3 Qd7 16. Nd2 Rad8 17. Ne4 b6 18. Ba3 Na5 19. Bb4 Nb7 20. a4 c5 21. Be1 Nd6 22. Nxd6 Qxd6 23. Bd5 Qd7 24. h4 Qg4 25. Bg2 Rd6 26. Rd2 Bh6 27. Qd1 Qd7 28. Bd5 Bb7 29. Bxb7 Qxb7 30. a5 Red8 31. axb6 Rxb6 32. Ra1 Rb3 33. Rxa7 Qxa7 34. Qxb3 e4 35. dxe4 Rxd2 36. Bxd2 1-0

[Event "Catalunya-chT Primera Gp1"]
[Site "Catalunya"]
[Date "2008.04.06"]
[Round "7"]
[White "Repiso Alvarez, Jorge"]
[Black "Descarrega Palau, Miguel"]
[Result "1/2-1/2"]
[WhiteElo "2080"]
[BlackElo "2081"]
[PlyCount "98"]
[EventDate "2008.01.27"]
[EventType "team-tourn"]
[EventRounds "9"]
[EventCountry "ESP"]
[SourceTitle "EXT 2019"]
[Source "ChessBase"]
[SourceDate "2018.10.10"]
[SourceVersion "1"]
[SourceVersionDate "2018.10.10"]
[SourceQuality "1"]

1. d4 g6 2. c4 Bg7 3. Nc3 d6 4. e4 Nc6 5. Be3 e5 6. d5 Nd4 7. Nge2 Nxe2 8. Bxe2 Ne7 9. Qd2 f5 10. Bh6 0-0 11. Bxg7 Kxg7 12. f3 a6 13. 0-0-0 Bd7 14. h4 f4 15. g3 Ng8 16. Rdg1 Qf6 17. g4 Ne7 18. g5 Qf7 19. Bf1 Rh8 20. Bh3 Bxh3 21. Rxh3 b5 22. h5 b4 23. Nd1 c6 24. h6+ Kf8 25. Qxb4 c5 26. Qb6 Nxd5 27. exd5 Qd7 28. Rh2 Kf7 29. Nc3 Rhb8 30. Qc6 Qd8 31. Ne4 Ke7 32. Rc2 Rb6 33. Qa4 Rb4 34. Qa3 Qc7 35. Nf6 Kd8 36. Qd3 Rab8 37. Rgg2 Qa5 38. Qa3 Ra4 39. Qc3 Qc7 40. a3 Rb6 41. Qd3 Qb7 42. Qxg6 hxg6 43. h7 Qg7 44. Rh2 Qh8 45. Rh6 Rb7 46. Rxg6 Rxh7 47. Rg8+ Qxg8 48. Nxg8 Rg7 49. Nh6 Ke8 1/2-1/2